| 000 | 00860cam a22002535a 4500 | ||
|---|---|---|---|
| 001 | 12743049 | ||
| 005 | 20180517102623.0 | ||
| 008 | 020416s2002 ne a frb 001 0 eng d | ||
| 020 | _a0080439586 | ||
| 020 | _a9780080439587 | ||
| 040 |
_aDLC _cDLC _dDLC _dEG-ScBUE _beng |
||
| 082 | 0 | 4 |
_222 _a666.1 _bRAO |
| 100 | 1 | _aRao, K. J. | |
| 245 | 1 | 0 |
_aStructural chemistry of glasses / _cby K. J. Rao. |
| 250 | _a1st ed. | ||
| 260 |
_aAmsterdam ; _aNew York : _bElsevier, _c2002. |
||
| 300 |
_axv, 568 p. : _bill. ; _c25 cm. |
||
| 504 | _aIncludes bibliographical references and index. | ||
| 650 | 7 |
_aGlass. _2BUEsh |
|
| 653 |
_bGGEN _cMay2018 |
||
| 856 | 4 | 2 |
_3Publisher description _uhttp://www.loc.gov/catdir/enhancements/fy0613/2002069339-d.html |
| 856 | 4 | 1 |
_3Table of contents only _uhttp://www.loc.gov/catdir/enhancements/fy0613/2002069339-t.html |
| 942 | _2ddc | ||
| 999 |
_c26738 _d26710 |
||